Megatrends. Entwicklungslinien in Gesellschaft und Wirtschaft.

Zásadný obrat v hospodárskych a sociálnych dejinách ľudstva na prahu tretieho tisícročia. Prechod od industriálnej k informačnej spoločnosti, od spotrebnej k bezodpadovej ekonomike. Novú epochu určujú informačné a komunikačné prostriedky. Ekologické a globálne problémy ľudstva si vyžadujú prechod k...

Descrizione completa

Salvato in:
Dettagli Bibliografici
Autore principale: Bruckmann, G.
Natura: Capitolo di libro
Lingua:tedesco
Soggetti:
Tags: Aggiungi Tag
Nessun Tag, puoi essere il primo ad aggiungerne!!

MARC

LEADER 00000naa a2200000 4500
001 r009371
005 20221208122640.8
041 0 |a ger 
044 |a DE 
245 1 0 |a Megatrends.  |b Entwicklungslinien in Gesellschaft und Wirtschaft.  |c G. Bruckmann 
520 |a Zásadný obrat v hospodárskych a sociálnych dejinách ľudstva na prahu tretieho tisícročia. Prechod od industriálnej k informačnej spoločnosti, od spotrebnej k bezodpadovej ekonomike. Novú epochu určujú informačné a komunikačné prostriedky. Ekologické a globálne problémy ľudstva si vyžadujú prechod k bezodpadovej ekonomike. 
610 2 0 |a megatrendy 
610 2 0 |a vývoj spoločenský 
610 2 0 |a zmeny štruktúrne 
610 2 0 |a spoločnosť industriálna 
610 2 0 |a spoločnosť postindustriálna 
610 2 0 |a prostriedky masovokomunikačné 
610 2 0 |a ekológia 
610 2 0 |a problémy globálne 
610 2 0 |a proces informačný 
610 2 0 |a spoločnosť informačná 
100 1 |a Bruckmann, G.